Languages by Flags - Easy - Statistics

General Stats
  • This quiz has been taken 31 times
  • The average score is 14 of 16
Answer Stats
Picture Answer % Correct
English
100%
French
100%
Italian
100%
Korean
100%
German
96%
Greek
96%
Japanese
96%
Mandarin Chinese
96%
Portuguese
96%
Russian
96%
Spanish
96%
Dutch
80%
Vietnamese
80%
Hindi
76%
Tagalog
76%
Afrikaans
64%
No matching quizzes found
Score Distribution
Percent of People with Each Score
Percentile by Number Answered
Your Score History
You have not taken this quiz